[Event "56th Biel Festival MTO 2023"]
[White "Zhang,Lanlin"]
[Black "Dotzer,Lukas"]
[Site "Biel"]
[Round "10.20"]
[Annotator "ChessBase"]
[Result "1/2-1/2"]
[Date "2023.07.28"]
[WhiteElo "2194"]
[BlackElo "2369"]
[PlyCount "26"]

1. e4 c5 2. Nf3 e6 3. d4 cxd4 4. Nxd4 Nc6 5. Nc3 Qc7 6. g3 a6 7. Bg2 Nf6 8. O-O Nxd4 9. Qxd4 Bc5 10. Bf4 d6 11. Qd2 h6 12. Rad1 e5 13. Be3 Bb4 1/2-1/2

[Event "56th Biel Festival MTO 2023"]
[White "Licznerski,Lukasz"]
[Black "Eidelman,Gabriel"]
[Site "Biel"]
[Round "10.21"]
[Annotator "ChessBase"]
[Result "1-0"]
[Date "2023.07.28"]
[WhiteElo "2430"]
[BlackElo "2204"]
[PlyCount "85"]

1. e4 c5 2. Nf3 Nc6 3. Bb5 g6 4. O-O Bg7 5. Bxc6 dxc6 6. d3 Nf6 7. h3 O-O 8. Nc3 b6 9. Be3 e5 10. Qd2 Qd6 11. a4 a5 12. Bh6 Nh5 13. Ne2 Ra7 14. Bxg7 Kxg7 15. Qe3 Re7 16. Nd2 Ba6 17. b3 h6 18. Nc4 Qc7 19. Rab1 Ree8 20. Kh1 f6 21. Kg1 Rf7 22. Qd2 Rd7 23. f3 Nf4 24. Kh2 Ne6 25. Kh1 Nf4 26. Nxf4 exf4 27. Qf2 Rd4 28. Rg1 Red8 29. Ra1 Bc8 30. g3 b5 31. Nd2 bxa4 32. Qh2 fxg3 33. Rxg3 Kh7 34. bxa4 Be6 35. f4 R4d7 36. Qf2 c4 37. f5 gxf5 38. Rag1 Rg8 39. Rxg8 Bxg8 40. Qxf5+ Kh8 41. Qxf6+ Kh7 42. Qg6+ Kh8 43. Qxg8# 1-0

[Event "56th Biel Festival MTO 2023"]
[White "Lohia,Sohum"]
[Black "Wessman,Richard"]
[Site "Biel"]
[Round "10.22"]
[Annotator "ChessBase"]
[Result "1-0"]
[Date "2023.07.28"]
[WhiteElo "2247"]
[BlackElo "2410"]
[PlyCount "123"]

1. e4 d5 2. exd5 Qxd5 3. Nc3 Qd8 4. d4 Nf6 5. Bc4 Bg4 6. Nge2 Bxe2 7. Qxe2 c6 8. Bg5 e6 9. d5 cxd5 10. Nxd5 Be7 11. Nxe7 Qxe7 12. Bb5+ Nc6 13. Bxc6+ bxc6 14. O-O-O Qc5 15. Bxf6 gxf6 16. Qd2 Rg8 17. g3 Qb6 18. Qd7+ Kf8 19. Qd4 e5 20. Qxb6 axb6 21. a3 Ke7 22. Rd3 Rgd8 23. Rhd1 Rxd3 24. Rxd3 Ke6 25. Kd2 f5 26. Rc3 Kd5 27. Rd3+ Ke6 28. Rb3 b5 29. Rb4 Rd8+ 30. Ke2 f6 31. a4 bxa4 32. Rxa4 Rd7 33. Ra6 Kd6 34. b3 Rg7 35. Ra8 Rb7 36. h4 Rg7 37. Ke3 Ke6 38. Rh8 Ra7 39. h5 Ra2 40. Kd2 Ra1 41. Rxh7 Rf1 42. Ke2 Rc1 43. h6 f4 44. gxf4 Rxc2+ 45. Kf3 e4+ 46. Kxe4 Rxf2 47. f5+ Kd6 48. Rf7 Re2+ 49. Kd3 Rh2 50. Rxf6+ Kd5 51. b4 Rh3+ 52. Kc2 Rh2+ 53. Kc3 Rh3+ 54. Kc2 Rh2+ 55. Kb3 Rh3+ 56. Ka4 Rh4 57. Ka5 Rh1 58. Rg6 Ra1+ 59. Kb6 Rb1 60. Rg4 Rh1 61. Rf4 Rxh6 62. f6 1-0

[Event "56th Biel Festival MTO 2023"]
[White "Coles,Ruben"]
[Black "Morawietz,Dieter"]
[Site "Biel"]
[Round "10.23"]
[Annotator "ChessBase"]
[Result "1-0"]
[Date "2023.07.28"]
[WhiteElo "2167"]
[BlackElo "2396"]
[PlyCount "73"]

1. e4 e6 2. d4 d5 3. Nd2 Be7 4. Ngf3 Nf6 5. e5 Nfd7 6. Bd3 c5 7. c3 Nc6 8. O-O a5 9. b3 Qb6 10. dxc5 Qxc5 11. Nb1 Ncxe5 12. Ba3 Qc7 13. Bxe7 Kxe7 14. Nxe5 Qxe5 15. Re1 Qd6 16. Qg4 Kf8 17. Nd2 e5 18. Qg3 f6 19. c4 d4 20. Ne4 Qc7 21. Qf3 Qc6 22. c5 Nxc5 23. Rac1 b6 24. Bb5 Qb7 25. Qh5 Qf7 26. Qh4 Qe7 27. Nxc5 bxc5 28. f4 Rb8 29. fxe5 Rxb5 30. exf6 Qxf6 31. Qe4 Qe6 32. Qf3+ Qf5 33. Qe2 Qd7 34. Rf1+ Kg8 35. Qc4+ Qe6 36. Rce1 Qxc4 37. Re8# 1-0

[Event "56th Biel Festival MTO 2023"]
[White "Jain Kashish Manoj"]
[Black "Matta,Vinay Kumar"]
[Site "Biel"]
[Round "10.24"]
[Annotator "ChessBase"]
[Result "1-0"]
[Date "2023.07.28"]
[WhiteElo "2375"]
[BlackElo "2111"]
[PlyCount "113"]

1. e4 e5 2. Nf3 Nc6 3. Bb5 a6 4. Ba4 Nf6 5. d3 b5 6. Bb3 Be7 7. O-O O-O 8. a4 Bb7 9. c3 d6 10. Bc2 Re8 11. Re1 Bf8 12. Nbd2 d5 13. h3 b4 14. a5 Rb8 15. Bb3 h6 16. Qc2 bxc3 17. bxc3 dxe4 18. dxe4 Nd7 19. Nf1 Nc5 20. Bc4 Bc8 21. Ne3 Be6 22. Rd1 Qc8 23. Nd5 Kh8 24. Be3 Bd6 25. Nd2 f5 26. f3 f4 27. Bf2 Ra8 28. Nb3 Nd7 29. Bf1 g5 30. c4 Rg8 31. Qc3 Rg7 32. c5 Bf8 33. Be2 h5 34. Nc1 Rb8 35. Na2 Qb7 36. Kf1 Qa7 37. Rac1 Qb7 38. Rc2 Kg8 39. Rdd2 Qb1+ 40. Nc1 Nd4 41. Rxd4 exd4 42. Bxd4 Bxd5 43. exd5 Re7 44. c6 Ne5 45. d6 cxd6 46. c7 Rc8 47. Bb6 Bg7 48. Qb3+ Qxb3 49. Nxb3 d5 50. Bxa6 Ree8 51. Bb7 Kh8 52. Bxd5 Nd3 53. Be4 Nb4 54. Rc4 Bf8 55. Nd4 Re5 56. Nc6 Nxc6 57. Bxc6 1-0

[Event "56th Biel Festival MTO 2023"]
[White "Akshit Kumar J"]
[Black "Aarav Dengla"]
[Site "Biel"]
[Round "10.25"]
[Annotator "ChessBase"]
[Result "0-1"]
[Date "2023.07.28"]
[WhiteElo "2105"]
[BlackElo "2343"]
[PlyCount "82"]

1. e4 c5 2. Nf3 d6 3. d4 cxd4 4. Nxd4 Nf6 5. Nc3 a6 6. h3 e5 7. Nb3 Be7 8. Be3 Qc7 9. g4 h6 10. Rg1 Be6 11. h4 Nfd7 12. g5 hxg5 13. hxg5 g6 14. Qd2 b5 15. a4 bxa4 16. Rxa4 Nb6 17. Rb4 N8d7 18. Nd5 Bxd5 19. exd5 a5 20. Rb5 a4 21. Na5 Nc5 22. Nc6 Nbd7 23. Qc3 Rh4 24. Ra5 Rxa5 25. Nxa5 Qb6 26. Nc6 Bd8 27. Kd1 Qb7 28. Bg2 a3 29. b4 a2 30. Kd2 Na4 31. Qa3 Ndb6 32. Na5 Qc8 33. Ra1 Qg4 34. Bf1 Bxg5 35. Bb5+ Kf8 36. Bxa4 Qd4+ 37. Ke2 Bxe3 38. Rd1 Qxd1+ 39. Kxd1 a1=Q+ 40. Qxa1 Rh1+ 41. Ke2 Rxa1 0-1

[Event "56th Biel Festival MTO 2023"]
[White "Haimovich,Tal"]
[Black "Ribiere,Damien"]
[Site "Biel"]
[Round "10.26"]
[Annotator "ChessBase"]
[Result "1-0"]
[Date "2023.07.29"]
[WhiteElo "2374"]
[BlackElo "2213"]
[PlyCount "239"]

1. d4 Nf6 2. c4 g6 3. Nc3 Bg7 4. e4 d6 5. Be2 O-O 6. Nf3 e5 7. d5 a5 8. Bg5 Na6 9. Nd2 Qe8 10. O-O Kh8 11. Nb3 b6 12. Rb1 Ng8 13. Qd2 Bd7 14. Be3 f5 15. exf5 gxf5 16. f4 a4 17. Nc1 e4 18. b4 axb3 19. axb3 Nc5 20. Bd1 Ra3 21. Bd4 Qe7 22. Bc2 Re8 23. N1e2 Nf6 24. h3 Rg8 25. Qe3 Qf7 26. Ra1 Rxa1 27. Rxa1 Qg6 28. Qg3 Qf7 29. b4 Nh5 30. Bxg7+ Rxg7 31. Ra8+ Be8 32. Qe3 Nd7 33. Qf2 Rg8 34. Nb5 Ndf6 35. Nbd4 Bd7 36. Rxg8+ Qxg8 37. b5 Qg6 38. Qe3 Qe8 39. Qa3 Qd8 40. Bd1 Ne8 41. Kh2 Qh4 42. g3 Qd8 43. Nc2 Nhf6 44. Ne3 Ng7 45. Nd4 Kg8 46. Kg1 Kf7 47. Kf2 Nfe8 48. Qc3 Qf6 49. Ne2 h5 50. Qxf6+ Nxf6 51. Ng2 Ke7 52. Ke3 Kf7 53. Kd4 Bc8 54. Nc3 Nd7 55. Bc2 Nc5 56. Ke3 Kf6 57. Nd1 Bd7 58. Nf2 Bc8 59. Bd1 Bd7 60. Ne1 Kg6 61. Nc2 Bc8 62. Nd4 Bd7 63. Nc2 Bc8 64. Kd4 Nb3+ 65. Kc3 Nc5 66. Ne3 Bd7 67. Kd4 Bc8 68. Nf1 Bd7 69. Ke3 Bc8 70. Bc2 Bd7 71. Nh2 Bc8 72. Nf1 Bd7 73. Nd2 Bc8 74. Nb3 Nxb3 75. Bxb3 Ne8 76. Bd1 Nf6 77. Be2 Bd7 78. Nd1 Kf7 79. Kd4 Kg6 80. Ne3 Kf7 81. Nc2 Ke7 82. Ke3 Kf7 83. Bd1 Ke7 84. Nb4 Ke8 85. Na2 Ke7 86. Be2 Kf7 87. Nc3 Bc8 88. Nd1 Bd7 89. Kd4 Bc8 90. Ne3 Bd7 91. Bf1 Kg6 92. Be2 Kf7 93. Nc2 Ke7 94. Nb4 Ke8 95. Na6 Kd8 96. Bf1 Bc8 97. Nb4 Bd7 98. h4 Ke7 99. Bh3 Ke8 100. Ke3 Ke7 101. Na6 Kd8 102. Nb8 Bc8 103. Nc6+ Ke8 104. Nd4 Ng4+ 105. Bxg4 hxg4 106. h5 Kf7 107. h6 Kg6 108. Ne6 Kxh6 109. Nxc7 Kg6 110. Na8 Kf7 111. Nxb6 Bb7 112. Kd4 Ke7 113. Na4 Kd7 114. c5 dxc5+ 115. Nxc5+ Kc8 116. Ne6 Kb8 117. d6 Kc8 118. Nc5 Ba8 119. d7+ Kd8 120. b6 1-0

[Event "56th Biel Festival MTO 2023"]
[White "Wang,Chuqiao"]
[Black "Asllani,Dorian"]
[Site "Biel"]
[Round "10.27"]
[Annotator "ChessBase"]
[Result "1/2-1/2"]
[Date "2023.07.28"]
[WhiteElo "2161"]
[BlackElo "2272"]
[PlyCount "79"]

1. d4 d5 2. c4 e6 3. Nc3 Nf6 4. cxd5 exd5 5. Bg5 Nbd7 6. e3 c6 7. Bd3 Be7 8. Qc2 O-O 9. Nf3 Re8 10. O-O h6 11. Bf4 Nf8 12. h3 Bd6 13. Be5 Qe7 14. a3 N6d7 15. Bxd6 Qxd6 16. Rfe1 Nf6 17. b4 Bd7 18. Ne5 a5 19. Qb3 b5 20. Rec1 Ra7 21. bxa5 Rea8 22. Qb4 Qe6 23. Ne2 Rxa5 24. Qc5 Qe8 25. Rc3 Ne6 26. Qb4 Ra4 27. Qb2 b4 28. Rb3 c5 29. Nxd7 Qxd7 30. Bf5 Qa7 31. Bxe6 fxe6 32. dxc5 bxa3 33. Qe5 Qxc5 34. Qxe6+ Kh8 35. Rb7 a2 36. Qf7 Rg8 37. Nf4 Qc3 38. Ng6+ Kh7 39. Nf8+ Kh8 40. Ng6+ 1/2-1/2

[Event "56th Biel Festival MTO 2023"]
[White "Abdulrahman Mohammad,Al Taher"]
[Black "Adocchio,Giampiero"]
[Site "Biel"]
[Round "10.28"]
[Annotator "TA"]
[Result "1-0"]
[Date "2023.07.28"]
[WhiteElo "2258"]
[BlackElo "2165"]
[PlyCount "67"]

1. d4 d5 2. c4 c6 3. Nc3 Nf6 4. Nf3 e6 5. e3 Nbd7 6. Qc2 Bd6 7. b3 O-O 8. Be2 b6 9. O-O Bb7 10. Bb2 Qe7 11. Rad1 Rad8 12. Rfe1 Rfe8 13. e4 dxe4 14. Nxe4 Nxe4 15. Qxe4 Nf6 16. Qc2 c5 17. d5 exd5 18. cxd5 Qe4 19. Qxe4 Rxe4 20. Nd2 Ree8 21. Bxf6 gxf6 22. Nc4 Bxd5 23. Rxd5 Bxh2+ 24. Kxh2 Rxd5 25. a4 Rd4 26. Ne3 Rd2 27. Kg3 Rb2 28. Bc4 Re4 29. Kf3 Re8 30. Rd1 Kf8 31. Nf5 a6 32. Rd7 b5 33. Rxf7+ Kg8 34. Nh6+ 1-0

[Event "56th Biel Festival MTO 2023"]
[White "Ammar,Sedrani"]
[Black "Gomez Barrera,Javiera Belen"]
[Site "Biel"]
[Round "10.29"]
[Annotator "TA"]
[Result "1/2-1/2"]
[Date "2023.07.28"]
[WhiteElo "2154"]
[BlackElo "2256"]
[PlyCount "40"]

1. d4 Nf6 2. Nc3 d5 3. Bf4 g6 4. e3 Bg7 5. h4 h6 6. Nf3 O-O 7. Ne5 c6 8. Bd3 Be6 9. h5 g5 10. Bxg5 hxg5 11. h6 Bxh6 12. Rxh6 Kg7 13. Rh1 Rh8 14. Kd2 Nbd7 15. f4 Nxe5 16. fxe5 Ng4 17. Qf3 Qd7 18. Ne2 Nh2 19. Qg3 Ng4 20. Rh3 Bf5 1/2-1/2

[Event "56th Biel Festival MTO 2023"]
[White "Ehsani,Yassamin"]
[Black "Vasquez Toledo,Cristian"]
[Site "Biel"]
[Round "10.30"]
[Annotator "TA"]
[Result "1/2-1/2"]
[Date "2023.07.28"]
[WhiteElo "2106"]
[BlackElo "2233"]
[PlyCount "67"]

1. d4 Nf6 2. c4 g6 3. Nc3 Bg7 4. e4 d6 5. f3 O-O 6. Nge2 Nbd7 7. Bg5 a6 8. Qd2 c5 9. d5 b5 10. cxb5 Ne8 11. Ng3 Nc7 12. bxa6 Re8 13. Be2 Bxa6 14. O-O Qb8 15. Bxa6 Rxa6 16. Nge2 Ne5 17. b3 Nb5 18. Nxb5 Qxb5 19. Rab1 Ra3 20. Rfd1 Qa6 21. Nc3 c4 22. Na4 Rb8 23. Qe2 Qb7 24. Nc3 cxb3 25. axb3 h6 26. Bd2 Nd7 27. Be1 Kh7 28. Qb2 Rxb3 29. Qxb3 Qxb3 30. Rxb3 Rxb3 31. Ne2 Nc5 32. Kf1 Bf6 33. Bf2 Nd3 34. Bd4 1/2-1/2

[Event "56th Biel Festival MTO 2023"]
[White "Ermitsch,Magnus"]
[Black "Monteverde,Jonathan"]
[Site "Biel"]
[Round "10.31"]
[Annotator "TA"]
[Result "1-0"]
[Date "2023.07.28"]
[WhiteElo "2232"]
[BlackElo "2074"]
[PlyCount "101"]

1. e4 c5 2. Nf3 d6 3. d4 cxd4 4. Nxd4 Nf6 5. Nc3 a6 6. Bg5 e6 7. f4 Be7 8. e5 dxe5 9. fxe5 Nd5 10. Bxe7 Qxe7 11. Nf5 exf5 12. Nxd5 Qxe5+ 13. Qe2 Qxe2+ 14. Bxe2 Ra7 15. a4 Be6 16. O-O-O Nd7 17. a5 Bxd5 18. Rxd5 b5 19. axb6 Nxb6 20. Rxf5 a5 21. Bb5+ Ke7 22. Re1+ Kd6 23. Rd1+ Ke6 24. Bd3 Nd5 25. Rf2 Nb4 26. Bc4+ Ke5 27. c3 Rc7 28. Re1+ Kd6 29. Rd2+ Kc5 30. cxb4+ Kxb4 31. b3 a4 32. Kb2 Rb8 33. Re5 f6 34. Red5 Rc5 35. Rxc5 Kxc5 36. Rd7 g5 37. Rxh7 axb3 38. Bxb3 Re8 39. g4 Re2+ 40. Bc2 Rg2 41. h3 Kd4 42. Kb3 Rg3+ 43. Kb4 Ke5 44. Bf5 Kf4 45. Kc5 Ra3 46. Kd6 Re3 47. h4 gxh4 48. Rxh4 Ra3 49. Ke6 Re3+ 50. Kxf6 Rh3 51. Rh5 1-0

[Event "56th Biel Festival MTO 2023"]
[White "Prieb,Robert"]
[Black "Frey,Fabian"]
[Site "Biel"]
[Round "10.32"]
[Annotator "TA"]
[Result "0-1"]
[Date "2023.07.28"]
[WhiteElo "2060"]
[BlackElo "2230"]
[PlyCount "78"]

1. d4 d5 2. Nf3 Nf6 3. c4 c6 4. Nc3 e6 5. e3 Nbd7 6. Qc2 b6 7. Be2 Bb7 8. O-O Bd6 9. e4 dxe4 10. Nxe4 Nxe4 11. Qxe4 Qc7 12. Qg4 c5 13. Qxg7 O-O-O 14. Qxf7 Rdf8 15. Qh5 cxd4 16. Nxd4 Rhg8 17. Bf3 Bxf3 18. Nxf3 Rg6 19. Qh3 Rfg8 20. Nh4 Rg4 21. Be3 Be7 22. Nf3 Rxg2+ 23. Qxg2 Rxg2+ 24. Kxg2 Qc6 25. Bf4 e5 26. Bg3 e4 27. Nd4 Qf6 28. Rad1 h5 29. h4 Bc5 30. Nb5 Qf3+ 31. Kh2 Nf6 32. Nd6+ Bxd6 33. Rxd6 Ng4+ 34. Kh3 e3 35. Re1 Nxf2+ 36. Kh2 Ng4+ 37. Kh3 Nf2+ 38. Kh2 Ng4+ 39. Kh3 e2 0-1

[Event "56th Biel Festival MTO 2023"]
[White "Kocharin,Timur"]
[Black "Vincenti,Leonardo"]
[Site "Biel"]
[Round "10.33"]
[Annotator "TA"]
[Result "1-0"]
[Date "2023.07.28"]
[WhiteElo "2225"]
[BlackElo "2117"]
[PlyCount "73"]

1. d4 d5 2. c4 e6 3. Nf3 Nf6 4. g3 Bb4+ 5. Bd2 Be7 6. Bg2 O-O 7. O-O c6 8. Qc2 b6 9. Bf4 Ba6 10. Nbd2 Nbd7 11. b3 Nh5 12. Rfe1 Nxf4 13. gxf4 Bd6 14. Ne5 Rc8 15. Ndf3 f6 16. Nd3 c5 17. cxd5 exd5 18. dxc5 bxc5 19. e3 c4 20. Nb2 Ba3 21. Nd4 Nc5 22. bxc4 Bxb2 23. Bxd5+ Kh8 24. Qxb2 Nd3 25. Qb1 Bxc4 26. Bxc4 Nxe1 27. Be2 Nc2 28. Nxc2 Qd2 29. Nd4 Rfd8 30. Qf5 Qb2 31. Rb1 Qxa2 32. Bd3 Qg8 33. Rb7 Rd5 34. Qh3 a5 35. Bxh7 Rc1+ 36. Kg2 Qxh7 37. Rb8+ 1-0

[Event "56th Biel Festival MTO 2023"]
[White "Matsumura,Cocoro"]
[Black "Costello,Alexander"]
[Site "Biel"]
[Round "10.34"]
[Annotator "TA"]
[Result "0-1"]
[Date "2023.07.28"]
[WhiteElo "2081"]
[BlackElo "2224"]
[PlyCount "148"]

1. e4 c5 2. Nf3 Nc6 3. Bb5 e6 4. O-O Nge7 5. Nc3 a6 6. Bxc6 Nxc6 7. d4 cxd4 8. Nxd4 Qc7 9. Nxc6 Qxc6 10. Qd4 b5 11. Bf4 f6 12. Qd3 Bb7 13. Rad1 Bc5 14. a3 Rd8 15. Bd6 Bxd6 16. Qxd6 Qxd6 17. Rxd6 Bc6 18. f3 Ke7 19. Rfd1 Rhf8 20. Ne2 e5 21. Nc1 f5 22. exf5 Rxf5 23. Na2 Rf6 24. R6d3 d6 25. Nb4 Bb7 26. a4 Rf4 27. c3 bxa4 28. Ra1 a5 29. Nd5+ Bxd5 30. Rxd5 Ra8 31. Rad1 Ra6 32. Rb5 Ke6 33. Rb7 a3 34. bxa3 Ra4 35. Rxg7 Rxa3 36. Rxh7 Rxc3 37. Rd2 a4 38. Rb7 Rb3 39. Rb2 Rxb7 40. Rxb7 a3 41. Rb1 a2 42. Ra1 Kf5 43. Kf2 d5 44. h4 d4 45. g4+ Kf6 46. Ke2 Ra3 47. Kf2 Ke6 48. Ke2 e4 49. fxe4 Rh3 50. Kf2 Rh2+ 51. Kg3 Rb2 52. h5 d3 53. h6 Kf7 54. e5 Rb3 55. e6+ Kxe6 56. h7 d2+ 57. Kf2 Rh3 58. Ke2 Rh2+ 59. Ke3 Kd5 60. h8=Q Rxh8 61. Kxd2 Kc4 62. Ke3 Kb3 63. g5 Rh4 64. Rg1 Kb2 65. Rg2+ Ka3 66. Rg1 Rb4 67. g6 Rb1 68. Rg5 Kb4 69. g7 a1=Q 70. Rg4+ Kb5 71. g8=Q Qe5+ 72. Kf2 Qf5+ 73. Ke2 Rb2+ 74. Ke3 Qf2+ 0-1

[Event "56th Biel Festival MTO 2023"]
[White "Urh,Zala"]
[Black "Ouellet,Maili-Jade"]
[Site "Biel"]
[Round "10.35"]
[Annotator "TA"]
[Result "0-1"]
[Date "2023.07.28"]
[WhiteElo "2231"]
[BlackElo "2201"]
[PlyCount "80"]

1. d4 f5 2. Bf4 Nf6 3. e3 e6 4. Nf3 Be7 5. h3 b6 6. c4 Bb7 7. Nc3 d6 8. Bd3 Nbd7 9. Qc2 Bxf3 10. gxf3 Nh5 11. Bh2 g6 12. O-O-O O-O 13. Ne2 Bg5 14. Rhg1 Kh8 15. Kb1 Bh6 16. Qa4 a6 17. e4 f4 18. e5 Qe7 19. exd6 cxd6 20. Rde1 Bg7 21. Rg4 Ndf6 22. Rg5 Bh6 23. Rg2 Qd7 24. Qc2 Rac8 25. Nc3 b5 26. cxb5 axb5 27. Qb3 b4 28. Ne4 e5 29. Reg1 Nxe4 30. Bxe4 Nf6 31. Qxb4 Rb8 32. Qa3 exd4 33. Bc2 Nd5 34. Bb3 Nb4 35. Qa5 Rb5 36. Qa4 Qf5+ 37. Ka1 d3 38. Rg4 Qe5 39. Rb1 Rfb8 40. Qa7 Nc2+ 0-1

[Event "56th Biel Festival MTO 2023"]
[White "Kamber,Bruno"]
[Black "Collin,Moritz Valentin"]
[Site "Biel"]
[Round "10.36"]
[Annotator "TA"]
[Result "0-1"]
[Date "2023.07.28"]
[WhiteElo "2214"]
[BlackElo "2132"]
[PlyCount "78"]

1. e4 c6 2. d4 d5 3. exd5 cxd5 4. Nf3 Nf6 5. Ne5 g6 6. Bb5+ Nbd7 7. Nc3 Bg7 8. Bg5 O-O 9. Qd2 Nb6 10. Bh6 Bf5 11. Bxg7 Kxg7 12. f3 h5 13. O-O-O Rc8 14. Rhe1 e6 15. h4 Qe7 16. Bd3 Bxd3 17. Qxd3 Nc4 18. a3 b5 19. Ne2 b4 20. a4 b3 21. Nc3 Qb4 22. cxb3 Qxb3 23. Qc2 Qb6 24. g4 hxg4 25. h5 gxh5 26. Nxc4 Rxc4 27. Qd2 Rb8 28. Re3 Rxd4 29. Qe2 Rb4 30. Nb5 Rxa4 31. Na3 d4 32. Red3 Qc5+ 33. Kb1 Rxa3 34. Rxa3 Qxa3 35. Rg1 Qe3 36. Qh2 Rb5 37. fxg4 hxg4 38. Rc1 Qe4+ 39. Rc2 Rc5 0-1

[Event "56th Biel Festival MTO 2023"]
[White "Hornung,Hans"]
[Black "Toktomushev,Teimur"]
[Site "Biel"]
[Round "10.37"]
[Annotator "TA"]
[Result "0-1"]
[Date "2023.07.28"]
[WhiteElo "2047"]
[BlackElo "2206"]
[PlyCount "70"]

1. e4 c5 2. Nf3 e6 3. d3 d5 4. Nbd2 Nc6 5. g3 Nf6 6. Bg2 Be7 7. O-O O-O 8. Re1 Qc7 9. Qe2 b5 10. e5 Nd7 11. h4 a5 12. Nf1 Ba6 13. Bf4 Rfc8 14. Ne3 Qd8 15. Ng4 b4 16. h5 c4 17. h6 g6 18. Qd2 c3 19. bxc3 bxc3 20. Qc1 Rab8 21. Bg5 Rb2 22. a3 Bxg5 23. Nxg5 Rxc2 24. Qf4 Qf8 25. Re3 Rb2 26. Rf3 Nd8 27. Rc1 c2 28. Bf1 Rb1 29. Kg2 Rxc1 30. Qxc1 Rc3 31. Ne3 Qxa3 32. Qxa3 Rxa3 33. Nxc2 Rc3 34. Ne1 Nxe5 35. Rf4 Bb5 0-1

[Event "56th Biel Festival MTO 2023"]
[White "Adam,Rafael"]
[Black "Perkampus,Laurin"]
[Site "Biel"]
[Round "10.38"]
[Annotator "TA"]
[Result "1-0"]
[Date "2023.07.28"]
[WhiteElo "2117"]
[BlackElo "2197"]
[PlyCount "62"]

1. e4 c6 2. Nf3 d5 3. d3 dxe4 4. dxe4 Qxd1+ 5. Kxd1 Nf6 6. Nbd2 g6 7. a4 Bg7 8. a5 O-O 9. Ne1 Ng4 10. Nd3 Rd8 11. h3 Rxd3 12. hxg4 Rd8 13. g5 Nd7 14. c3 Nc5 15. Kc2 f5 16. gxf6 exf6 17. Bc4+ Be6 18. Bxe6+ Nxe6 19. Nc4 Bf8 20. f3 Nc7 21. Be3 Na6 22. Rad1 Bc5 23. Bf4 Be7 24. b4 Rxd1 25. Rxd1 Rd8 26. Rxd8+ Bxd8 27. Be3 c5 28. bxc5 Be7 29. c6 bxc6 30. Bxa7 Kf7 31. Nb2 Ke6 1-0

[Event "56th Biel Festival MTO 2023"]
[White "Foerster-Yialamas,Lucas"]
[Black "Stijve,Niels"]
[Site "Biel"]
[Round "10.39"]
[Annotator "TA"]
[Result "1-0"]
[Date "2023.07.28"]
[WhiteElo "2157"]
[BlackElo "2088"]
[PlyCount "79"]

1. e4 c5 2. Nf3 e6 3. d4 cxd4 4. Nxd4 a6 5. c4 Nf6 6. Nc3 Bb4 7. Qd3 Qc7 8. a3 Bxc3+ 9. Qxc3 O-O 10. Bd3 d6 11. Bg5 Nbd7 12. Rc1 b6 13. O-O h6 14. Bh4 Bb7 15. f3 Rac8 16. b4 d5 17. exd5 Nxd5 18. Qb2 Nf4 19. Bb1 Qe5 20. Rfe1 Qh5 21. Bg3 Qg5 22. Qf2 Rfd8 23. Kh1 Ne5 24. Qe3 Nxc4 25. Rxc4 Rxc4 26. Bxf4 Qh4 27. Nxe6 Re8 28. Bg3 Qf6 29. Qd3 Rxe6 30. Qxc4 Rxe1+ 31. Bxe1 Qe5 32. Be4 b5 33. Qc3 Qe7 34. Bxb7 Qxb7 35. Qe3 Qd7 36. h3 Qc6 37. Kh2 Qd6+ 38. Bg3 Qd7 39. Qb6 Qd3 40. Qxa6 1-0

[Event "56th Biel Festival MTO 2023"]
[White "Papaux,Steve"]
[Black "Jaksland,Tim"]
[Site "Biel"]
[Round "10.40"]
[Annotator "TA"]
[Result "1-0"]
[Date "2023.07.28"]
[WhiteElo "2064"]
[BlackElo "2136"]
[PlyCount "37"]

1. c4 e5 2. Nc3 Nf6 3. Nf3 e4 4. Ng5 c6 5. Ngxe4 Nxe4 6. Nxe4 d5 7. cxd5 cxd5 8. Nc3 d4 9. Ne4 Nc6 10. d3 Be6 11. e3 f5 12. Nd2 dxe3 13. fxe3 Rc8 14. Nf3 f4 15. a3 Qa5+ 16. Bd2 Bc5 17. exf4 Kd7 18. Qe2 Bd4 19. Ne5+ 1-0

[Event "56th Biel Festival MTO 2023"]
[White "Giacomini,Hector"]
[Black "Rotunno,Flavio"]
[Site "Biel"]
[Round "10.41"]
[Annotator "TA"]
[Result "1/2-1/2"]
[Date "2023.07.28"]
[WhiteElo "2126"]
[BlackElo "2005"]
[PlyCount "50"]

1. Nf3 Nf6 2. e3 e6 3. d4 b6 4. Bd3 Bb7 5. O-O d5 6. Nbd2 Bd6 7. c4 O-O 8. Qc2 Nbd7 9. e4 dxe4 10. Nxe4 Nxe4 11. Bxe4 Bxe4 12. Qxe4 c5 13. Rd1 Qc7 14. Bg5 h6 15. Be3 Nf6 16. Qh4 Qe7 17. Rd3 Rac8 18. b3 Nh7 19. Qxe7 Bxe7 20. dxc5 Bxc5 21. Bxc5 Rxc5 22. Rad1 Nf6 23. Nd2 Rfc8 24. f3 b5 25. Kf2 bxc4 1/2-1/2

[Event "56th Biel Festival MTO 2023"]
[White "Gemelli,Romain"]
[Black "Erne,Raphael"]
[Site "Biel"]
[Round "10.42"]
[Annotator "TA"]
[Result "1/2-1/2"]
[Date "2023.07.28"]
[WhiteElo "2122"]
[BlackElo "2077"]
[PlyCount "85"]

1. d4 d5 2. c4 c6 3. Nc3 Nf6 4. Nf3 dxc4 5. a4 Bf5 6. Ne5 Nbd7 7. Nxc4 Nb6 8. Ne5 a5 9. f3 Nfd7 10. Nxd7 Bxd7 11. e4 e5 12. Be3 Bd6 13. Qb3 Nc8 14. Rd1 exd4 15. Bxd4 Qh4+ 16. g3 Qh6 17. Bg2 Rb8 18. O-O Be6 19. Qc2 O-O 20. f4 Bg4 21. Rde1 Re8 22. e5 Bb4 23. f5 Ne7 24. f6 Nd5 25. fxg7 Rbd8 26. Bxd5 cxd5 27. Rf6 Qxg7 28. Ref1 Bxc3 29. bxc3 Be6 30. Qf2 Rc8 31. Qb2 Qf8 32. Qb5 Ra8 33. h4 Qg7 34. R1f3 Rec8 35. h5 Qg5 36. h6 Qc1+ 37. Kh2 Qd2+ 38. Rf2 Qg5 39. Kg2 Qh5 40. Qb1 Qg4 41. R2f3 b6 42. Qb5 Rc4 43. Kf2 1/2-1/2

[Event "56th Biel Festival MTO 2023"]
[White "Coles,Robin"]
[Black "Malli,Suvirr"]
[Site "Biel"]
[Round "10.43"]
[Annotator "TA"]
[Result "1-0"]
[Date "2023.07.28"]
[WhiteElo "2070"]
[BlackElo "2094"]
[PlyCount "135"]

1. e4 c5 2. Nf3 d6 3. Bb5+ Nd7 4. a4 Ngf6 5. Nc3 g6 6. a5 a6 7. Bc4 Bg7 8. Bxf7+ Kf8 9. Bc4 h6 10. O-O b5 11. axb6 Nxb6 12. Ba2 e6 13. d4 c4 14. e5 Nfd5 15. Ne4 dxe5 16. Nxe5 Bxe5 17. dxe5 Kg7 18. Qg4 Nb4 19. Bb1 Nc6 20. Bf4 Nd5 21. Nd6 h5 22. Qg5 Qxg5 23. Bxg5 Nxe5 24. f4 Nf7 25. Nxc4 Bb7 26. Na5 Rhb8 27. Nxb7 Rxb7 28. c4 Ne3 29. Rf3 Rb3 30. Ba2 Rd3 31. Re1 Nc2 32. Rxd3 Nxe1 33. Rd2 Nxg5 34. fxg5 Rf8 35. Bb1 Rf4 36. Re2 Nxg2 37. Kxg2 Rxc4 38. h3 Rb4 39. Ba2 e5 40. Bd5 a5 41. b3 a4 42. bxa4 Rxa4 43. Rxe5 Ra5 44. h4 Kf8 45. Kg3 Ra3+ 46. Bf3 Kf7 47. Rb5 Ra4 48. Rb6 Kg7 49. Rb7+ Kf8 50. Rb5 Kg7 51. Re5 Rb4 52. Be4 Rb3+ 53. Bf3 Rb4 54. Re4 Rb6 55. Kf4 Ra6 56. Rc4 Ra7 57. Rb4 Ra6 58. Rb7+ Kf8 59. Rc7 Ra1 60. Ke5 Ra5+ 61. Bd5 Ra4 62. Kf6 Rf4+ 63. Kxg6 Rxh4 64. Rf7+ Ke8 65. Rf5 Rh3 66. Kh7 Rg3 67. g6 h4 68. g7 1-0

[Event "56th Biel Festival MTO 2023"]
[White "Jaivardhan Raj"]
[Black "Ludwig,Peter"]
[Site "Biel"]
[Round "10.44"]
[Annotator "TA"]
[Result "0-1"]
[Date "2023.07.28"]
[WhiteElo "2009"]
[BlackElo "2147"]
[PlyCount "156"]

1. e4 g6 2. d4 d6 3. Nc3 Bg7 4. Nf3 Nf6 5. Bf4 a6 6. Bd3 Nbd7 7. Qd2 c5 8. dxc5 Nxc5 9. O-O O-O 10. Bh6 b5 11. Bxg7 Kxg7 12. b4 Ncd7 13. a4 bxa4 14. Rxa4 Nb6 15. Ra5 Bb7 16. Qe2 Qc7 17. Na4 Nxa4 18. Rxa4 Qc6 19. Rfa1 Rfc8 20. Nd4 Qc3 21. Nb3 Bc6 22. Rxa6 Rxa6 23. Bxa6 Rb8 24. f3 Rxb4 25. Qe1 Qxe1+ 26. Rxe1 Ba4 27. Re3 Nd7 28. Rc3 Ne5 29. f4 Ng4 30. Rc4 Rxc4 31. Bxc4 Kf6 32. h3 Ne3 33. Bd3 e5 34. fxe5+ Kxe5 35. Kf2 Nd1+ 36. Ke2 Nb2 37. Nd2 Kf4 38. Kf2 Nd1+ 39. Ke2 Nc3+ 40. Kf2 Ke5 41. Nf3+ Kf6 42. Ke3 Bc6 43. Kd4 Na4 44. c4 Ke7 45. Bc2 Nc5 46. Ke3 h6 47. Nd4 Bb7 48. Nb3 Kf6 49. Nd4 Ba6 50. Nb5 Ke5 51. g4 g5 52. Bb1 Ne6 53. Bd3 Nf4 54. Bf1 Bb7 55. Nc3 Bc6 56. Nb5 Ne6 57. Bd3 Nf4 58. Bf1 h5 59. gxh5 Nxh5 60. Nc3 Ng3 61. Bd3 Bd7 62. Kf3 Nh5 63. Bf1 Nf4 64. Kg3 Bc6 65. Kg4 f6 66. Nd5 Bd7+ 67. Kg3 Nxd5 68. exd5 Ke4 69. h4 g4 70. h5 f5 71. Bg2+ Ke3 72. h6 f4+ 73. Kh2 Bf5 74. c5 Kf2 75. cxd6 g3+ 76. Kh1 Bg4 77. d7 f3 78. Bh3 g2+ 0-1